Statystyki dla Województwa II RP

Kliknij tutaj aby rozwiązać quiz!

Ogólne statystyki

  • Ten quiz został rozwiązany 89 razy
  • Średni wynik to 14 z 16

Statystyki odpowiedzi

Stolica MiastaWojewództwo% Poprawnych
KrakówKrakowskie
98%
ŁódźŁódzkie
98%
PoznańPoznańskie
96%
WarszawaWarszawskie
96%
LwówLwowskie
95%
KielceKieleckie
94%
BiałystokBiałostockie
90%
LublinLubelskie
90%
KatowiceŚląskie
90%
WilnoWileńskie
90%
TarnopolTarnopolskie
89%
NowogródekNowogródzkie
85%
StanisławówStanisławowskie
85%
ToruńPomorskie
67%
ŁuckWołyńskie
55%
BrześćPoleskie
39%

Rozkład punktacji

Percentyl według liczby udzielonych odpowiedzi

Procent ludzi z każdym wynikiem

Twoja historia wyników

Nie rozwiązałeś tego quizu